|
|
|
|
| LEADER |
01267nam a2200241 a 4500 |
| 001 |
4046139 |
| 008 |
091010s1997 bg bb 000 0 eng d |
| 010 |
|
|
|a 98908950
|
| 040 |
|
|
|a DLC
|c DLC
|d DLC
|
| 082 |
0 |
0 |
|a 363.9/6/095492
|2 21
|
| 245 |
0 |
0 |
|a 'Traditional' family planning in Bangladesh /
|c Alan Gray ... [et al.].
|
| 260 |
|
|
|a Dhaka :
|b Population Council,
|c 1997.
|
| 300 |
|
|
|a viii, 208 p. ;
|c 29 cm.
|
| 500 |
|
|
|a "Population Council, Strengthening Population Policy & Research Capacity Project"--Cover.
|
| 500 |
|
|
|a "A collaborative project of Population Council, Bangladesh, the National Institute of Population Research and Training (NIPORT), the MCH-FP Extention Project, Rural, ICDDR,B, and Associates for Community and Population Research (ACPR), with support from USAID, Dhaka."
|
| 504 |
|
|
|a Includes bibliographical references (p. 207-208).
|
| 541 |
1 |
|
|e 00007179
|
| 650 |
|
0 |
|a Family planning
|z Bangladesh.
|
| 700 |
1 |
|
|a Gray, Alan.
|
| 710 |
2 |
|
|a Population Council (Bangladesh)
|
| 852 |
4 |
|
|a Ayesha Abed Library
|j General shelf
|
| 999 |
|
|
|c 4654
|d 4654
|
| 952 |
|
|
|0 0
|1 0
|2 ddc
|4 0
|6 363_960954920000000_TRA_1997
|7 0
|9 4438
|a BRACUL
|b BRACUL
|c GEN
|d 2009-10-18
|g 0.00
|l 0
|o 363.96095492 TRA
|p 3010007179
|r 2009-10-18
|t 1
|w 2009-10-18
|y BK
|x No price found in the accession register.
|